[Event "ICU Treasure Valley Ch"]
[Site "Boise, ID"]
[Date "2012.06.09"]
[Round "1.2"]
[White "Douglas, Kurt"]
[Black "Kircher, Caleb"]
[Result "1/2-1/2"]
[WhiteElo "1712"]
[BlackElo "1570"]

1. e4 d5 2. exd5 Nf6 3. d4 Nxd5 4. Nf3 Bg4 5. h3 Bh5 6. c4 Nb6 7. Nc3 e6 8. a3
Nc6 9. Be3 Qd7 10. g4 Bg6 11. Ne5 Nxe5 12. dxe5 O-O-O 13. Qxd7+ Rxd7 14. Rd1
Rxd1+ 15. Kxd1 Be7 16. Be2 a6 17. Kc1 Nd7 18. f4 Bc5 19. Bxc5 Nxc5 20. b4 Nd3+
21. Bxd3 Bxd3 22. c5 h5 23. Rd1 Bg6 24. g5 h4 25. Ne2 Bf5 26. Ng1 Rd8 27.
Rxd8+ Kxd8 28. Nf3 Bxh3 29. Nxh4 g6 30. Nf3 Kd7 31. Nd4 Bg2 32. Kd2 Bd5 33.
Kc3 {#d} 1/2-1/2

[Event "ICU Treasure Valley Ch"]
[Site "Boise, ID"]
[Date "2012.06.09"]
[Round "1.3"]
[White "Bruck, Nick"]
[Black "Olsoy, Peter John"]
[Result "1/2-1/2"]
[WhiteElo "1445"]
[BlackElo "1700"]

1. e4 c5 2. Nf3 Nc6 3. d4 cxd4 4. Nxd4 g6 5. Nxc6 bxc6 6. Qd4 f6 7. Be2 Nh6 8.
Nd2 Bg7 9. Nf3 Nf7 10. O-O O-O 11. Re1 f5 12. Qc4 fxe4 13. Qxe4 d5 14. Qh4 Bf6
15. Ng5 Nxg5 16. Bxg5 Bxg5 17. Qxg5 Qb6 18. Qxe7 Rxf2 19. Kh1 Bf5 20. Bf3 Rxc2
21. Qe5 Qxb2 22. Bxd5+ cxd5 23. Qxd5+ Kg7 24. Qxa8 Re2 25. Qxa7+ Kh6 26. Rxe2
Qxe2 27. Qg1 Be4 28. Qf1 Qc2 29. Qf4+ Kg7 30. Qf1 Kh6 31. Qf4+ Kg7 32. Qf1 Kh6
33. Qf4+ {#d} 1/2-1/2

[Event "ICU Treasure Valley Ch"]
[Site "Boise, ID"]
[Date "2012.06.09"]
[Round "1.4"]
[White "Roland, Jeffrey T"]
[Black "Puderbaugh, Kory"]
[Result "1-0"]
[WhiteElo "1690"]
[BlackElo "1389"]

1. e4 c5 2. Nf3 d6 3. d4 cxd4 4. Qxd4 Nc6 5. Bb5 Bd7 6. Bxc6 bxc6 7. c4 Qc7 8.
Nc3 e6 9. O-O Nf6 10. e5 c5 11. Qe3 Ng4 12. Qe4 Nxe5 {#r} 1-0

[Event "ICU Treasure Valley Ch"]
[Site "Boise, ID"]
[Date "2012.06.09"]
[Round "1.5"]
[White "Gorman, Cody"]
[Black "Looney, Daniel S"]
[Result "0-1"]
[WhiteElo "1252"]
[BlackElo "1633"]

1. d4 Nf6 2. c4 g6 3. Nc3 Bg7 4. e4 d6 5. Nf3 O-O 6. h3 e5 7. Be3 b6 8. Bd3
Na6 9. a3 Bb7 10. O-O exd4 11. Bxd4 Re8 12. Re1 Nc5 13. Bxc5 bxc5 14. Qc2 Nh5
15. g3 Qd7 16. Kg2 Rab8 17. Rab1 f5 18. exf5 Bxf3+ 19. Kxf3 Qf7 20. g4 gxf5
21. gxh5 Qxh5+ 22. Kg2 Qg5+ 23. Kf1 Qh4 24. Bxf5 Qxc4+ 25. Qd3 Qh4 26. Re4
Rxe4 27. Bxe4 Rf8 28. Bxh7+ Qxh7 29. Qxh7+ Kxh7 30. Nb5 Rf3 31. Kg2 Rb3 32.
Nxc7 Rxb2 { (Looney offered a draw here)} 33. Rxb2 Bxb2 34. Nb5 d5 35. Kf3 a6
36. Nc7 Bxa3 37. Nxd5 a5 38. Ke3 Bb4 39. Kd3 a4 40. Kc2 Kh6 41. f4 Kg6 42. h4
a3 43. Nxb4 cxb4 44. Kb3 Kh6 45. f5 Kg7 {(Time Forfeit)} {#R} 0-1

[Event "ICU Treasure Valley Ch"]
[Site "Boise, ID"]
[Date "2012.06.09"]
[Round "1.6"]
[White "Myers, Hugh S"]
[Black "Cook, Caleb Allen"]
[Result "1/2-1/2"]
[WhiteElo "1610"]
[BlackElo "1093"]

1. e4 e5 2. f4 Nc6 3. Nf3 exf4 4. Be2 Bc5 5. d4 Bb6 6. Nc3 Ba5 7. Bxf4 Nf6 8.
Bg5 h6 9. Bxf6 Qxf6 10. O-O Bxc3 11. bxc3 Qe7 12. Bd3 d6 13. Re1 Bg4 14. Bb5
Bd7 15. Qd3 O-O 16. Rad1 a6 17. Bc4 Bg4 18. h3 Bh5 19. Re3 Rae8 20. Rde1 Qd7
21. Qf1 Re7 22. Bd3 Rfe8 23. Nd2 d5 24. e5 f6 25. Bf5 Qd8 26. e6 Qd6 27. g4
Bf7 28. exf7+ Kxf7 29. Rxe7+ Rxe7 30. Rxe7+ Nxe7 31. Kg2 Qa3 32. Qf3 Qxa2 33.
Qe3 Nxf5 34. gxf5 Qxc2 35. Qe6+ Kf8 36. Qc8+ Kf7 37. Qe6+ Kf8 38. Qc8+ Kf7 39.
Qe6+ {#d} 1/2-1/2

[Event "ICU Treasure Valley Ch"]
[Site "Boise, ID"]
[Date "2012.06.09"]
[Round "2.1"]
[White "Sawyer, David"]
[Black "Looney, Daniel S"]
[Result "1-0"]
[WhiteElo "1924"]
[BlackElo "1633"]

1. e4 c6 2. d4 d5 3. exd5 cxd5 4. c4 Nf6 5. Nc3 g6 6. Nf3 Bg7 7. c5 Bg4 8. Be3
O-O 9. h3 Bf5 10. Be2 Nc6 11. O-O Re8 12. a3 e5 13. Nxe5 Nxe5 14. dxe5 Rxe5
15. Bd4 Re8 16. Nb5 Qd7 17. Nd6 Rxe2 18. Qxe2 Bxh3 19. Qf3 Bg4 20. Qc3 Nh5 21.
Bxg7 Nxg7 22. Rfe1 Ne6 23. Qb4 d4 24. Qxb7 Qxb7 25. Nxb7 Rb8 26. c6 Bf5 27. b4
Nc7 28. Rad1 d3 29. Nd6 Rd8 30. Nxf5 gxf5 31. Re3 d2 32. Re2 Rd6 33. Rdxd2
Rxc6 34. Rc2 Rxc2 35. Rxc2 Nb5 36. a4 Nd4 37. Rc7 Ne2+ 38. Kf1 {#r} 1-0

[Event "ICU Treasure Valley Ch"]
[Site "Boise, ID"]
[Date "2012.06.09"]
[Round "2.3"]
[White "Olsoy, Peter John"]
[Black "Douglas, Kurt P"]
[Result "1-0"]
[WhiteElo "1700"]
[BlackElo "1712"]

1. d4 Nf6 2. c4 e6 3. Nf3 b6 4. g3 Bb7 5. Bg2 c5 6. d5 exd5 7. Nh4 Nc6 8. cxd5
Nb4 9. Nc3 g6 10. O-O Bg7 11. e4 O-O 12. a3 Na6 13. Re1 d6 14. f4 Nc7 15. f5
Nd7 16. Bf4 Ne5 17. Nf3 Nxf3+ 18. Qxf3 g5 19. Bd2 Be5 20. Qg4 f6 21. h4 h6 22.
hxg5 hxg5 23. Bf3 Rf7 24. Kg2 Rh7 25. Rh1 Qe7 26. Rxh7 Qxh7 27. Rh1 Qg7 28.
Rh5 Kf7 29. Qh3 Kg8 30. Rh6 {#r} 1-0

[Event "ICU Treasure Valley Ch"]
[Site "Boise, ID"]
[Date "2012.06.09"]
[Round "2.4"]
[White "Patterson, Kevin R"]
[Black "Myers, Hugh S"]
[Result "1/2-1/2"]
[WhiteElo "1200"]
[BlackElo "1610"]

1. e4 d5 2. exd5 Nf6 3. Nc3 Nxd5 4. Nf3 Nxc3 5. bxc3 e6 6. d4 Be7 7. Be2 O-O
8. O-O c6 9. Rb1 Nd7 10. Bf4 Qa5 11. Bc4 Qxc3 12. Qd3 Qxd3 13. Bxd3 Nf6 14. c3
Nd5 15. Bd2 Bd6 16. c4 Nf4 17. Bxf4 Bxf4 18. g3 Bc7 19. Bc2 a6 20. a4 Bd7 21.
Rxb7 Rfc8 22. Ne5 Be8 23. f4 f6 24. Nf3 Rab8 25. Rfb1 g6 26. Rxb8 Rxb8 27.
Rxb8 Bxb8 28. Bb3 Kf8 29. c5 Ke7 30. Kf2 Ba7 31. Ke3 e5 32. fxe5 fxe5 33. Nxe5
Bb8 34. Nf3 Bf7 35. Bc2 h6 36. a5 Bc7 37. Bd3 Bxa5 38. Bxa6 Bc7 39. Bb7 Be8
40. Kd3 {#d} 1/2-1/2

[Event "ICU Treasure Valley Ch"]
[Site "Boise, ID"]
[Date "2012.06.09"]
[Round "2.5"]
[White "Kircher, Caleb"]
[Black "Bruck, Nick"]
[Result "1-0"]
[WhiteElo "1570"]
[BlackElo "1445"]

1. f4 d5 2. e3 Nc6 3. Bb5 Bd7 4. Nf3 Nf6 5. b3 e6 6. Bb2 Be7 7. O-O O-O 8. a3
a6 9. Bxc6 Bxc6 10. Ne5 Qd6 11. d3 Nd7 12. Nd2 Bf6 13. Ndf3 b5 14. Qd2 d4 15.
Nxd7 Qxd7 16. e4 Rfe8 17. Qf2 Rad8 18. g4 g6 19. Qg3 Qd6 20. e5 Bxe5 21. fxe5
Qc5 22. Rf2 Bxf3 23. Qxf3 Rf8 24. Qe4 Qd5 25. Qf4 c5 26. Qf6 Rc8 27. Bc1 Qd8
28. Qxd8 Rfxd8 29. Bg5 Rd7 30. Bf6 c4 31. bxc4 bxc4 32. Rd1 cxd3 33. Rxd3 Rc3
34. Rfd2 Rd5 35. Rxd4 h6 36. Rxd5 exd5 37. Rxd5 g5 38. Rd8+ Kh7 39. Rh8+ Kg6
40. Rg8+ Kh7 41. Rg7+ Kh8 42. Rxg5+ Kh7 43. Rg7+ Kh8 44. Rxf7+ Kg8 45. Rg7+
Kf8 46. e6 Re3 47. e7+ Rxe7 48. Rxe7 a5 49. c4 a4 50. c5 h5 51. c6 hxg4 52. c7
Kg8 53. c8=R# 1-0

[Event "ICU Treasure Valley Ch"]
[Site "Boise, ID"]
[Date "2012.06.09"]
[Round "2.6"]
[White "Cook, Caleb Allen"]
[Black "McGarvey, James H"]
[Result "0-1"]
[WhiteElo "1093"]
[BlackElo "1593"]

1. d4 Nf6 2. Nf3 d5 3. e3 Bg4 4. Nbd2 e6 5. b3 c5 6. Bb2 Nc6 7. Be2 Bd6 8. Ne5
Bxe2 9. Qxe2 O-O 10. O-O Rc8 11. Rac1 cxd4 12. exd4 Nb4 13. Qb5 Nxa2 14. Rb1
Rxc2 15. Ndf3 Qc7 16. Qa4 Nc3 17. Bxc3 Rxc3 18. Qxa7 Rc8 19. h3 Ne4 20. Qa2
Rc2 21. Rb2 Rc1 22. Nd3 Rxf1+ 23. Kxf1 Qc3 24. Nde1 Qb4 25. Rc2 Nc3 26. Nd3
Qb5 27. Qb2 Qxd3+ 28. Kg1 Qd1+ {#R} 0-1

[Event "ICU Treasure Valley Ch"]
[Site "Boise, ID"]
[Date "2012.06.09"]
[Round "2.7"]
[White "Puderbaugh, Kory"]
[Black "Gorman, Cody"]
[Result "1-0"]
[WhiteElo "1389"]
[BlackElo "1252"]

1. d4 Nf6 2. c4 e6 3. Nf3 b6 4. Nc3 Bb4 5. a3 Bxc3+ 6. bxc3 Bb7 7. e3 O-O 8.
Bd3 d6 9. O-O Ne4 10. Qc2 f5 11. a4 Nd7 12. Bd2 Qf6 13. a5 Qg6 14. g3 Nxd2 15.
Nxd2 Qg4 16. e4 Qh3 17. d5 fxe4 18. Nxe4 exd5 19. Ng5 Qh5 20. Ne6 Rfc8 21. a6
Bc6 22. Nf4 Qh6 23. cxd5 Bxd5 24. Nxd5 Rf8 25. Nxc7 Ne5 26. f4 Nxd3 27. Nxa8
Nxf4 28. Qa2+ Ne6 29. Rxf8+ Kxf8 30. Re1 Ng5 31. Qf2+ Qf6 32. Qxf6+ gxf6 33.
Kg2 Nf7 34. Nxb6 Ne5 35. Nc8 Nc6 36. Nxd6 Kg7 37. Nb5 Kf7 38. Nd4 Nd8 39. c4
Kf8 40. Ne6+ Nxe6 41. Rxe6 Kf7 42. Rc6 Ke8 43. Rc7 Kd8 44. Rxa7 Kc8 45. c5 h6
46. c6 f5 47. Rb7 f4 48. a7 fxg3 49. a8=Q# 1-0

[Event "ICU Treasure Valley Ch"]
[Site "Boise, ID"]
[Date "2012.06.09"]
[Round "3.1"]
[White "Roland, Jeffrey T"]
[Black "Sawyer, David"]
[Result "0-1"]
[WhiteElo "1690"]
[BlackElo "1924"]

1. d4 Nf6 2. Nf3 c5 3. c4 cxd4 4. Nxd4 Nc6 5. Nc3 g6 6. e4 d6 7. Be2 Nxd4 8.
Qxd4 Bg7 9. O-O O-O 10. Qd3 a6 11. Be3 Ng4 12. Bxg4 Bxg4 13. Nd5 Be6 14. Bd4
Bxd5 15. cxd5 Qd7 16. Bxg7 Kxg7 17. Rac1 Rfc8 18. h3 Rxc1 19. Rxc1 Rc8 20. Qd2
Rc7 21. Rxc7 Qxc7 22. a4 Qc4 23. Qc3+ Qxc3 24. bxc3 Kf6 25. a5 Ke5 26. f3 f5
{#R} 0-1

[Event "ICU Treasure Valley Ch"]
[Site "Boise, ID"]
[Date "2012.06.09"]
[Round "3.3"]
[White "Looney, Daniel S"]
[Black "Kircher, Caleb"]
[Result "0-1"]
[WhiteElo "1633"]
[BlackElo "1570"]

1. e4 d5 2. exd5 Nf6 3. g3 Nxd5 4. Bg2 Nb6 5. d4 e6 6. Nf3 Be7 7. O-O O-O 8.
Be3 Nc6 9. Nbd2 Bf6 10. Ne4 Nd5 11. Nxf6+ Qxf6 12. c3 Re8 13. Qc2 e5 14. Nxe5
Nxe5 15. dxe5 Nxe3 16. exf6 Nxc2 17. Rac1 Bf5 18. g4 Bg6 19. Rfd1 Rad8 20.
Rxd8 Rxd8 21. f4 Ne3 22. f5 Nxg2 23. Kxg2 Rd2+ 24. Kg3 Rxb2 25. fxg6 hxg6 26.
fxg7 Rxa2 27. h4 Kxg7 28. Rd1 Ra3 29. Rd3 b5 30. Kf4 b4 31. Rd4 a5 32. cxb4
Ra4 33. Ke4 c5 34. Rc4 Rxb4 35. Rxb4 cxb4 36. Kd4 a4 37. h5 gxh5 38. gxh5 Kh6
39. Kc4 b3 {#R} 0-1

[Event "ICU Treasure Valley Ch"]
[Site "Boise, ID"]
[Date "2012.06.09"]
[Round "3.4"]
[White "Myers, Hugh S"]
[Black "Puderbaugh, Kory"]
[Result "1-0"]
[WhiteElo "1610"]
[BlackElo "1389"]

1. e4 c5 2. f4 d6 3. Nf3 Nc6 4. Be2 Nf6 5. d3 e6 6. c4 Be7 7. O-O O-O 8. Nc3
a6 9. Be3 Rb8 10. Rb1 b5 11. a3 d5 12. e5 Ng4 13. Bf2 bxc4 14. dxc4 d4 15. Ne4
a5 16. Bd3 Qb6 17. Qe2 a4 18. Nfd2 Nxf2 19. Rxf2 Na5 20. Qh5 {#r} 1-0

[Event "ICU Treasure Valley Ch"]
[Site "Boise, ID"]
[Date "2012.06.09"]
[Round "3.5"]
[White "McGarvey, James H"]
[Black "Patterson, Kevin R"]
[Result "1/2-1/2"]
[WhiteElo "1593"]
[BlackElo "1200"]

1. d4 c6 2. c4 d5 3. Nc3 Nf6 4. Nf3 h6 5. Bf4 Bf5 6. e3 e6 7. Be2 c5 8. Rc1
cxd4 9. exd4 Bb4 10. O-O O-O 11. cxd5 Nxd5 12. Nxd5 Qxd5 13. Bc7 Be7 14. a3
Bf6 15. Bc4 Qd7 16. Be5 Bxe5 17. dxe5 Rd8 18. Qb3 Nc6 19. Rfd1 Qc7 20. Be2
Rxd1+ 21. Bxd1 Rd8 22. Be2 Qa5 23. Qxb7 Nxe5 24. Nxe5 Qxe5 25. Bf3 Rb8 26.
Qxa7 Qxb2 27. Qc5 g5 28. g4 Bg6 29. Kg2 Kg7 30. a4 Rb4 31. Qc6 Rxa4 32. Qxa4
Qxc1 33. Qd4+ Kf8 34. Qh8+ Ke7 35. Qxh6 Qf4 36. h4 Kf6 37. Qh8+ Ke7 38. Qh6
Kf6 {#d} 1/2-1/2

[Event "ICU Treasure Valley Ch"]
[Site "Boise, ID"]
[Date "2012.06.09"]
[Round "3.6"]
[White "Douglas, Kurt"]
[Black "Sawyer, Paul"]
[Result "1-0"]
[WhiteElo "1712"]
[BlackElo "1000"]

1. e4 e5 2. Nf3 Nf6 3. Nxe5 d6 4. Nf3 Nxe4 5. d4 d5 6. Bd3 Bb4+ 7. c3 Bf8 8.
O-O Be7 9. Re1 Bf5 10. Bf4 O-O 11. Qc2 Re8 12. Nbd2 c6 13. Nxe4 Bxe4 14. Bxe4
dxe4 15. Rxe4 g6 16. Rae1 a6 17. Bg5 f6 18. Bxf6 Bxf6 19. Rxe8+ Qxe8 20. Rxe8+
Kg7 21. Qb3 Ra7 22. Qg8+ Kh6 23. Qf8+ Kh5 24. Qxf6 h6 25. Qh4# 1-0

[Event "ICU Treasure Valley Ch"]
[Site "Boise, ID"]
[Date "2012.06.09"]
[Round "3.7"]
[White "Bruck, Nick"]
[Black "Cook, Caleb Allen"]
[Result "0-1"]
[WhiteElo "1445"]
[BlackElo "1093"]

1. e4 e5 2. Nf3 Nc6 3. d4 f6 4. dxe5 fxe5 5. Bb5 Nge7 6. Bg5 d6 7. Bxe7 Qxe7
8. Bxc6+ bxc6 9. Nc3 Rb8 10. b3 Bg4 11. Qd3 Qd7 12. h3 Bh5 13. O-O Be7 14. Na4
O-O 15. Nc5 Qc8 16. Qc4+ Bf7 17. Qa6 dxc5 18. Qxc8 Rbxc8 19. Nxe5 Bf6 20. Nxc6
Ra8 21. Rad1 Be8 22. Na5 Rd8 23. Rxd8 Bxd8 24. Nc4 Bb5 25. Rd1 Bf6 26. e5 Bxc4
27. exf6 Be6 28. fxg7 Kxg7 29. Re1 Kf6 30. Re3 Rd8 31. Kf1 Rd1+ 32. Ke2 Rd5
33. a4 Re5 34. Rxe5 Kxe5 35. Ke3 Bf5 36. f4+ Kd5 37. c4+ Ke6 38. Kd2 Be4 39.
g3 h5 40. Kc3 a5 41. Kd2 Bg2 42. h4 Kf5 43. Ke3 Be4 44. g4+ hxg4 45. h5 g3 46.
h6 g2 47. Kf2 Kg6 48. f5+ Kxh6 49. f6 Kg6 50. f7 Kxf7 51. Ke3 g1=Q+ 52. Kxe4
Qa1 53. Kd5 Qd4+ 54. Kc6 Qe5 55. Kb5 Qd6 56. Kxa5 Qb6# 0-1

[Event "ICU Treasure Valley Ch"]
[Site "Boise, ID"]
[Date "2012.06.09"]
[Round "4.1"]
[White "Olsoy, Peter John"]
[Black "Kircher, Caleb"]
[Result "1/2-1/2"]
[WhiteElo "1700"]
[BlackElo "1570"]

1. d4 Nf6 2. c4 g6 3. Nc3 d5 4. cxd5 Nxd5 5. e4 Nxc3 6. bxc3 Bg7 7. Nf3 Bg4 8.
h3 Bxf3 9. Qxf3 c5 10. d5 O-O 11. Bd2 Nd7 12. Qg3 f5 13. exf5 Rxf5 14. f4 Kh8
15. Bc4 Nf6 16. Qf3 Ne8 17. g4 Rf8 18. O-O Nd6 19. Bd3 b5 20. Rab1 a6 21. Qe2
c4 22. Bc2 Ra7 23. Be3 Rd7 24. Qd2 Nc8 25. f5 Rxd5 26. Qe1 gxf5 27. Bxf5 Nd6
28. Bc2 Rxf1+ 29. Kxf1 Qf8+ 30. Kg2 Re5 31. Qh4 Qg8 32. Re1 Bf6 33. Qg3 Qe6
34. Qf3 Qd5 35. Qxd5 Rxd5 36. Bh6 Nf7 37. Bf4 Kg7 38. Re6 Be5 39. Be4 Rc5 40.
Be3 Rc7 41. Bb6 Rd7 42. Bc6 Rd6 43. Rxd6 Nxd6 44. Bd4 Bxd4 45. cxd4 a5 46. Kf2
a4 47. Ke2 a3 48. Kd2 b4 49. Kc2 Kf6 50. h4 h6 51. Bf3 e5 52. dxe5+ Kxe5 53.
g5 hxg5 54. hxg5 Kf5 55. Be2 Kxg5 56. Bxc4 Nxc4 57. Kb3 Nd2+ 58. Kxb4 {#d}
1/2-1/2

[Event "ICU Treasure Valley Ch"]
[Site "Boise, ID"]
[Date "2012.06.09"]
[Round "4.2"]
[White "McGarvey, James H"]
[Black "Myers, Hugh S"]
[Result "1-0"]
[WhiteElo "1593"]
[BlackElo "1610"]

1. d4 f5 2. e4 fxe4 3. Nc3 Nf6 4. Bg5 g6 5. Bxf6 exf6 6. Nxe4 Bg7 7. c4 O-O 8.
Nc3 c6 9. Nf3 d5 10. Be2 Bg4 11. cxd5 cxd5 12. O-O Nc6 13. Rc1 Ne7 14. h3 Be6
15. Nb5 Bf7 16. a3 a6 17. Nc3 Bh6 18. Rc2 g5 19. Bd3 Ng6 20. g3 Qd7 21. Kh2
Kg7 22. Re2 Be6 23. Ng1 f5 24. Rfe1 Rf6 25. Na4 Qd6 26. Nc5 Bc8 27. Qc2 f4 28.
Bxg6 fxg3+ 29. fxg3 hxg6 30. Re7+ Rf7 31. Ne6+ {#r} 1-0

[Event "ICU Treasure Valley Ch"]
[Site "Boise, ID"]
[Date "2012.06.09"]
[Round "4.3"]
[White "Patterson, Kevin R"]
[Black "Douglas, Kurt"]
[Result "0-1"]
[WhiteElo "1200"]
[BlackElo "1712"]

1. e4 c5 2. Nf3 d6 3. d4 cxd4 4. c3 dxc3 5. Nxc3 Nc6 6. Bf4 Nf6 7. e5 dxe5 8.
Qxd8+ Nxd8 9. Nb5 exf4 10. Nc7+ Kd7 11. Nxa8 e6 12. Bb5+ Nc6 13. Rd1+ Nd5 14.
Ne5+ Ke7 15. Bxc6 bxc6 16. Nxc6+ Kf6 17. Nxa7 Bb4+ 18. Ke2 Ba6+ 19. Kf3 Rxa8
20. Nc6 Bb7 21. Rxd5 Bxc6 22. Kxf4 Bxd5 23. a3 Bd6+ 24. Ke3 Ra4 25. f3 Bc5+
26. Kd2 Bb3 27. Kc3 Bd5 28. Kc2 e5 29. Rd1 Ke6 30. Re1 Rc4+ 31. Kb1 Rd4 32.
Kc2 f5 33. b4 Rc4+ 34. Kd2 Bd4 35. Kd3 Rc3+ {#R} 0-1

[Event "ICU Treasure Valley Ch"]
[Site "Boise, ID"]
[Date "2012.06.09"]
[Round "4.4"]
[White "Cook, Caleb Allen"]
[Black "Roland, Jeffrey T"]
[Result "0-1"]
[WhiteElo "1093"]
[BlackElo "1690"]

1. d4 Nf6 2. Nf3 d5 3. Nbd2 g6 4. b3 Bg7 5. Bb2 O-O 6. e3 Nbd7 7. Bd3 e5 8.
Nxe5 Nxe5 9. dxe5 Ng4 10. Qf3 Bxe5 11. Bxe5 Nxe5 12. Qe2 Re8 13. O-O Bg4 14.
f3 Nxd3 15. cxd3 Bf5 16. Rfd1 Qf6 17. Rac1 Qa6 18. Rc3 d4 19. Rxc7 Rxe3 20.
Qf2 Qxd3 21. Rxb7 Re2 22. Qg3 Qe3+ 23. Kf1 Bd3 {#R} 0-1

[Event "ICU Treasure Valley Ch"]
[Site "Boise, ID"]
[Date "2012.06.09"]
[Round "4.5"]
[White "Puderbaugh, Kory"]
[Black "Sawyer, Paul"]
[Result "1-0"]
[WhiteElo "1389"]
[BlackElo "1000"]

1. e4 e5 2. Nf3 Nf6 3. d3 d6 4. Be2 Be6 5. O-O Be7 6. Nbd2 O-O 7. c3 Nc6 8. d4
Na5 9. Qa4 a6 10. Qxa5 h6 11. Qa4 b5 12. Qc2 a5 13. h3 a4 14. Nh2 b4 15. f4
exf4 16. Rxf4 Nh5 17. Bxh5 c6 18. Ng4 Qe8 19. Nf3 Bc4 20. Qf2 Ra5 21. Qg3 Ra6
22. Nxh6+ Kh7 23. Rxf7 Rxf7 24. Qg6+ Kh8 25. Ng5 Rf8 26. Qh7# 1-0

[Event "ICU Treasure Valley Ch"]
[Site "Boise, ID"]
[Date "2012.06.09"]
[Round "4.6"]
[White "Gorman, Cody"]
[Black "Bruck, Nick"]
[Result "0-1"]
[WhiteElo "1252"]
[BlackElo "1445"]

1. d4 d5 2. c4 dxc4 3. Nf3 Nf6 4. e3 e6 5. Bxc4 c5 6. O-O cxd4 7. exd4 Be7 8.
Nc3 O-O 9. Bf4 Nc6 10. Rc1 Re8 11. Nb5 Rf8 12. Bb3 Ne8 13. d5 exd5 14. Bxd5
Nb4 15. Be4 Qxd1 16. Rfxd1 a6 17. Nc7 Nxc7 18. Rxc7 Rd8 19. Rxd8+ Bxd8 20. Rc4
Nxa2 21. Bb1 Be6 22. Ra4 b5 23. Re4 Bf6 24. Be5 Bxe5 25. Nxe5 Rc8 26. Nd3 Bf5
27. Re1 Rd8 28. h3 g6 29. Bxa2 Rxd3 30. Re8+ Kg7 31. Re7 Rd7 32. Rxd7 Bxd7 33.
f4 Kf6 {(And by now, both players had stopped recording the moves. Black won
in what must have been at least another 50 moves.--Roland.)} {#R} 0-1